Chief Ministers of Indian States - Statistics

General Stats
  • This quiz has been taken 81 times
    73 since last reset
  • The average score is 4 of 28
Answer Stats
Chief Minister State % Correct
Yogi Adityanath Uttar Pradesh
54%
Nitish Kumar Bihar
48%
Naveen Patnaik Odisha
36%
Y.S Jagmohan Reddy Andhra Pradesh
29%
Pinarayi Vijayan Kerala
27%
Amarinder Singh Punjab
25%
Uddhav Thackeray Maharashtra
25%
Hemant Soren Jharkhand
21%
Manohar Lal Khattar Haryana
21%
Pema Khandu Arunachal Pradesh
21%
Pamod Sawant Goa
16%
Vijay Rupani Gujarat
16%
Bhupesh Bhaghel Chattisgarh
11%
Edappadik Palaniswami Tamil Nadu
9%
Kalvakuntla Chandrashekhar Rao Telangana
9%
Sarbananda Sonowal Assam
9%
Ashok Ghelot Rajasthan
7%
Biplab Kumar Deb Tripura
7%
Jai Ram Thakur Himachal Pradesh
7%
Nongthombam Biren Singh Manipur
7%
Prem Singh Tamang Sikkim
7%
Zoramthanga Mizoram
7%
Conrad Sangma Meghalaya
5%
Kamal Nath Madhya Pradesh
5%
Neiphiu Rio Nagaland
5%
Trivendra Singh Rawat Uttarakhand
4%
B.S Yediyurappa Karnataka
2%
Mamata Baneerjee West Bengal
2%
No matching quizzes found
Score Distribution
Percent of People with Each Score
Percentile by Number Answered
Your Score History
You have not taken this quiz since the last reset